Polacy, którzy zdobyli K2 - Statystyki

Ogólne statystyki
  • Ten quiz został rozwiązany 4 razy
  • Średni wynik to 2 z 14
Statystyki odpowiedzi
Data Odpowiedź % Poprawnych
23 czerwca 1986 Wanda Rutkiewicz
75%
31 lipca 2012 Adam Bielecki
50%
31 lipca 2014 Janusz Gołąb, Marcin Kaczkan
25%
10 sierpnia 1996 Krzysztof Wielicki
25%
22 lipca 2022 Monika Witkowska
25%
28 lipca 2022 Radosław Woźniak, Mariusz Hatala i Piotr Krzyżowski
25%
22 lipca 2018 Andrzej Bargiel
0%
23 sierpnia 2011 Dariusz Załuski
0%
28 lipca 2022 Dorota Rasińska-Samoćko
0%
8 lipca 1986 Jerzy Kukuczka, Tadeusz Piotrowski
0%
27 lipca 2023 Magdalena Arcimowicz
0%
3 sierpnia 1986 Przemysław Piasecki, Wojciech Wróż
0%
14 sierpnia 1996 Ryszard Pawłowski, Piotr Pustelnik
0%
25 lipca 2019 Waldemar Kowalewski
0%
Nie znaleziono quizów pasujących do podanych kryteriów
Rozkład punktacji
Procent ludzi z każdym wynikiem
Percentyl według liczby udzielonych odpowiedzi
Twoja historia wyników
Nie rozwiązałeś tego quizu